Unscramble the Kanye West Song Pt. 2 - Statistics

General Stats
  • This quiz has been taken 147 times
  • The average score is 10 of 14
Answer Stats
Hint Answer % Correct
Akrd Ansfayt (MBDTF) Dark Fantasy
91%
Levo Owlocdkn (808s) Love Lockdown
89%
Owllfo Gdo (JIK) Follow God
87%
Wto Wrosd (TCD) Two Words
83%
Dbloo No Eht Elsave (Yeezus) Blood On The Leaves
79%
Iapmnoch (Grad) Champion
76%
EkEp Ym Itpsri Evali (Donda) Keep My Spirit Alive
75%
Ohctu The Kys (LR) Touch The Sky
73%
On Tsmesaik (Ye) No Mistakes
68%
Lfide Pitr (Vultures 2) Field Trip
66%
Lhuligratt Meba (TLOP) Ultralight Beam
65%
Agtot Evah Ti (WTT) Gotta Have It
63%
Dciu Tngemoa (KSG) Cudi Montage
58%
Bcteairmopl (Vultures 1) Problematic
38%
No matching quizzes found
Score Distribution
Percent of People with Each Score
Percentile by Number Answered
Your Score History
You have not taken this quiz